000
00322nam a22001457a 4500
008
210604b ||||| |||| 00| 0 eng d
020
_a
9780803613522
041
_a
eng
080
_a
610.73
082
_a
610.73
100
_a
2
101
_a
INF
245
_a
Fundamentals of Nursing
_c
Wilkinson,J.M
942
_2
udc
_c
BK
999
_c
57961
_d
57961